Cambio social en Costa Rica /
Guardado en:
| 主要作者: | |
|---|---|
| 格式: | Texto |
| 語言: | Spanish |
| 主題: | |
| 標簽: |
添加標簽
沒有標簽, 成為第一個標記此記錄!
|
MARC
| LEADER | 00000 a a2200000 04500 | ||
|---|---|---|---|
| 001 | 42955 | ||
| 003 | cru CRAI/IIS | ||
| 005 | 20210428150342.0 | ||
| 008 | 210428b ||||| |||| 00| 0 spa d | ||
| 040 | |c cru CRAI/IIS | ||
| 100 | |a Menjívar, Rafael | ||
| 245 | |a Cambio social en Costa Rica / |c Rafael Menjívar | ||
| 500 | |a Colección Centroamérica | ||
| 650 | |a CAMBIO SOCIAL | ||
| 650 | |a COSTA RICA | ||
| 773 | |g volumen4, número10 ( , 1975), páginas 143-146 | ||
| 773 | 0 | |0 18875 |9 5493 |a Universidad de Costa Rica. |d San José, Costa Rica: Universidad de Costa Rica. Consejo Superior Universitario Centroamericano, 1972- |o 14617 |t Estudios Sociales Centroamericanos / |x 03039676 | |
| 942 | |2 ddc |c PP | ||
| 999 | |c 31931 |d 31931 | ||
